[Event "Alexandria op 22nd"]
[Site "Alexandria"]
[Date "2017.08.02"]
[Round "1"]
[White "Hesham, Abdelrahman"]
[Black "Nagdy, Wael"]
[Result "1-0"]
[WhiteElo "2386"]
[BlackElo "1934"]
[PlyCount "105"]
[EventDate "2017.08.02"]
[EventType "swiss"]
[EventRounds "10"]
[EventCountry "EGY"]
[SourceTitle "CBM 180 Extra"]
[Source "ChessBase"]
[SourceDate "2017.10.06"]
[SourceVersion "1"]
[SourceVersionDate "2017.10.06"]
[SourceQuality "1"]

1. d4 d5 2. c4 c6 3. Nf3 Nf6 4. Nc3 Bf5 5. cxd5 Nxd5 6. Qb3 Nxc3 7. bxc3 Qb6 8. Ne5 e6 9. Nc4 Qxb3 10. axb3 Nd7 11. Bf4 Be7 12. Nd6+ Bxd6 13. Bxd6 Nf6 14. f3 Bg6 15. e4 Kd7 16. Be5 Ne8 17. Be2 f6 18. Bg3 h5 19. h4 Bf7 20. 0-0 g5 21. hxg5 fxg5 22. Be5 Rh7 23. b4 Nd6 24. c4 a6 25. b5 cxb5 26. cxb5 a5 27. Rfc1 g4 28. b6 Ne8 29. Rc5 gxf3 30. gxf3 Bg6 31. Rcxa5 Rxa5 32. Rxa5 Kc6 33. Rb5 h4 34. Rb1 Kd7 35. Rc1 Kd8 36. Kh2 Rf7 37. Ra1 Bxe4 38. Ra8+ Ke7 39. Bb5 Rxf3 40. Rxe8+ Kf7 41. Rc8 Rb3 42. Rc7+ Kf8 43. Bc4 Rxb6 44. Kh3 Bf5+ 45. Kxh4 Rb1 46. Bd6+ Kg8 47. Re7 Re1 48. Kg5 Re4 49. Bc5 Rg4+ 50. Kf6 Rf4 51. Bxe6+ Bxe6+ 52. Kxe6 Re4+ 53. Kd5 1-0

[Event "Assiut Upper Egypt"]
[Site "Assiut"]
[Date "2011.10.18"]
[Round "8"]
[White "Nagdy, Wael"]
[Black "Elhares, Alaa"]
[Result "0-1"]
[WhiteElo "1923"]
[BlackElo "1741"]
[PlyCount "60"]
[EventDate "2011.10.13"]
[EventType "tourn"]
[EventRounds "9"]
[EventCountry "EGY"]
[SourceTitle "EXT 2019"]
[Source "ChessBase"]
[SourceDate "2018.10.10"]
[SourceVersion "1"]
[SourceVersionDate "2018.10.10"]
[SourceQuality "1"]

1. e4 e6 2. Nf3 d5 3. Nc3 Nf6 4. exd5 exd5 5. d4 Bd6 6. Bg5 c6 7. Bd3 Bg4 8. h3 Bh5 9. Qe2+ Qe7 10. Bxf6 gxf6 11. 0-0-0 Qxe2 12. Bxe2 Nd7 13. g4 Bg6 14. Nh4 0-0-0 15. Rhf1 Bf4+ 16. Kb1 Nf8 17. Ng2 Ne6 18. Rfe1 f5 19. Nh4 fxg4 20. Bxg4 Rde8 21. Ng2 Bh6 22. h4 Rhg8 23. f3 f5 24. Bh3 Nf4 25. Nxf4 Bxf4 26. h5 Bxh5 27. Bxf5+ Kc7 28. Bxh7 Rxe1 29. Rxe1 Rg7 30. Bd3 Bd6 0-1

[Event "Assiut Upper Egypt"]
[Site "Assiut"]
[Date "2011.10.16"]
[Round "6"]
[White "Nagdy, Wael"]
[Black "Abadalla, Mohamed Kamel"]
[Result "0-1"]
[WhiteElo "1923"]
[BlackElo "1993"]
[PlyCount "21"]
[EventDate "2011.10.13"]
[EventType "tourn"]
[EventRounds "9"]
[EventCountry "EGY"]
[SourceTitle "EXT 2019"]
[Source "ChessBase"]
[SourceDate "2018.10.10"]
[SourceVersion "1"]
[SourceVersionDate "2018.10.10"]
[SourceQuality "1"]

1. e4 Nc6 2. d4 d5 3. e5 f6 4. f4 Bf5 5. Nf3 e6 6. Bd3 Bg4 7. c3 a6 8. 0-0 Qd7 9. Nbd2 Nge7 10. h3 Bf5 11. Be2 0-1